Dark Souls Magics - Statistics

General Stats
  • This quiz has been taken 296 times
  • The average score is 10 of 15
Answer Stats
Hint Answer % Correct
Heal Miracle
99%
Acid Surge Pyromancy
98%
Sunlight Spear Miracle
81%
Soul Arrow Sorcery
80%
Magic Barrier Miracle
78%
Chaos Fire Whip Pyromancy
78%
Wrath of the Gods Miracle
76%
Crystal Dragon Breath Sorcery
73%
Hidden Weapon Sorcery
69%
Fire Temperest Pyromancy
67%
Remedy Sorcery
58%
Combustion Pyromancy
52%
Magic Shield Sorcery
47%
Emity Force Miracle
41%
Power Within Pyromancy
32%
No matching quizzes found
Score Distribution
Percent of People with Each Score
Percentile by Number Answered
Your Score History
You have not taken this quiz